| 000 | 00976cam a2200265 i 4500 | ||
|---|---|---|---|
| 001 | 14163 | ||
| 003 | Mx-PuUPA | ||
| 005 | 20220310084043.0 | ||
| 008 | 140415s1994 mx a gr 000 0 spa d | ||
| 020 | _a9688872458 | ||
| 040 |
_aMx-PuUPA _bspa _cMx-PuUPA _dMx-PuUPA _erda |
||
| 041 | 1 |
_aspa _hger |
|
| 100 | 1 |
_aMeyer, Franz Sales, _912196 _d1849-1927 _eautor |
|
| 245 | 1 | 0 |
_aManual de ornamentación : _bordenado sistemáticamente para uso de dibujantes, arquitectos, escuelas de artes y oficios y para los amantes del arte / _cF. S. Meyer |
| 250 |
_aQuinta edición / _bampliada |
||
| 264 | 1 |
_aMéxico : _bEdiciones G. Gili, _c1994 |
|
| 300 |
_a789 páginas : _bilustraciones (en blanco y negro) ; _c21 cm. |
||
| 336 |
_2rdacontent _atexto _btxt |
||
| 337 |
_2rdamedia _asin medio _bn |
||
| 338 |
_2rdacarrier _avolumen _bnc |
||
| 650 | 7 |
_aArtes decorativas _vManual _2armarc |
|
| 942 |
_2ddc _cLI _h745 _iM612 |
||
| 999 |
_c14163 _d14163 |
||